Nothing grows by moonlight /

Bibliographic Details
Main Author: Nedreaas, Torborg
Format: Book
Language:English
Norwegian
Published: Lincoln : University of Nebraska Press, [1987]
Series:European women writers series.

MARC

Tag First Indicator Second Indicator Subfields
LEADER 00000cam a22000008a 4500
001 in00000010875
005 20151007051933.0
008 870112s1987 nbu s00011 eng
010 |a  87005000  
020 |a 0803233132 (alk. paper) 
035 |a (OCoLC)15133298 
035 |9 AAA5537AM 
040 |a DLC  |c DLC  |d m/c  |d TXA  |d UtOrBLW 
041 1 |a eng  |a nor 
049 |a TXAM  |c [A11035235] 
050 0 0 |a PT8950.N35  |b A913 1987 
082 0 |a 839.8/2374  |2 19 
100 1 |a Nedreaas, Torborg. 
240 1 0 |a Av måneskinn gror det ingen ting.  |l English 
245 1 0 |a Nothing grows by moonlight /  |c by Torborg Nedreaas ; translated by Bibbi Lee. 
264 1 |a Lincoln :  |b University of Nebraska Press,  |c [1987] 
264 4 |c ©1987 
300 |a 198 pages 
336 |a text  |b txt  |2 rdacontent 
337 |a unmediated  |b n  |2 rdamedia 
338 |a volume  |b nc  |2 rdacarrier 
490 1 |a European women writers series 
500 |a Translation of: Av måneskinn gror det ingen ting. 
830 0 |a European women writers series. 
999 |a MARS 
999 f f |s 6c938c03-476f-343c-aa45-270d91725141  |i 08efa716-2538-3345-9923-2078a9a2f7be  |t 0 
952 f f |p ric  |a Texas A&M University  |b Rellis Campus  |c Joint Library Facility  |d Remote Storage  |t 0  |e PT8950.N35 A913 1987  |h Library of Congress classification  |i unmediated -- volume  |m A14811035235 
998 f f |a PT8950.N35 A913 1987  |t 0  |l Remote Storage